Sports Quiz

Random Sports or World Quiz

FIFA Players of the Year Quiz Stats

 Plays Quiz not verified by Sporcle

Challenge
Share
Tweet
Embed
Score 0/57 Timer 06:00
0 Plays Today
Year Player % Correct
20073. Cristiano Ronaldo
99.2%
20081. Cristiano Ronaldo
99.2%
20092. Cristiano Ronaldo
99.2%
19961. Ronaldo
99.1%
19971. Ronaldo
99.1%
19982. Ronaldo
99.1%
20021. Ronaldo
99.1%
20033. Ronaldo
99.1%
20072. Lionel Messi
98.7%
20082. Lionel Messi
98.7%
20091. Lionel Messi
98.7%
19973. D. Bergkamp/Z. Zidane
92.1%
19981. Zinedine Zidane
91.7%
20001. Zinedine Zidane
91.7%
20023. Zinedine Zidane
91.7%
20031. Zinedine Zidane
91.7%
20062. Zinedine Zidane
91.7%
20041. Ronaldinho
90.8%
20051. Ronaldinho
90.8%
20063. Ronaldinho
90.8%
20093. Xavi
88.8%
20032. Thierry Henry
85.2%
20042. Thierry Henry
85.2%
20071. Kaká
81.9%
20053. Samuel Eto'o
81.2%
19992. David Beckham
79.6%
20012. David Beckham
79.6%
20002. Luís Figo
77%
20011. Luís Figo
77%
Year Player % Correct
20052. Frank Lampard
75.9%
20083. Fernando Torres
74.9%
20043. Andriy Shevchenko
74.8%
20061. Fabio Cannavaro
72.2%
19991. Rivaldo
70.1%
20003. Rivaldo
70.1%
20013. Raúl
60.6%
19951. George Weah
59.8%
19962. George Weah
59.8%
19931. Roberto Baggio
56.4%
19943. Roberto Baggio
56.4%
20022. Oliver Kahn
56.4%
19921. Marco van Basten
55.4%
19932. Romário
54.9%
19941. Romário
54.9%
19963. Alan Shearer
52.2%
19972. Roberto Carlos
51.7%
19983. Davor Suker
50.4%
19993. Gabriel Batistuta
48.7%
19922. Hristo Stoichkov
48.1%
19942. Hristo Stoichkov
48.1%
19933. Dennis Bergkamp
45.5%
19913. Gary Lineker
44.3%
19953. Jürgen Klinsmann
44.2%
19952. Paolo Maldini
40.9%
19911. Lothar Matthäus
40.2%
19912. Jean-Pierre Papin
27.3%
19923. Thomas Häßler
8.3%

You're not logged in!

Compare scores with friends on all Sporcle quizzes.
Join for Free
OR
Log In

You Might Also Like...

Show Comments

Extras

Top Quizzes Today


Score Distribution

Your Account Isn't Verified!

In order to create a playlist on Sporcle, you need to verify the email address you used during registration. Go to your Sporcle Settings to finish the process.

Report this User

Report this user for behavior that violates our Community Guidelines.

Details: